000 00502nam a2200217Ia 4500
003 OSt
005 20250918110418.0
008 210210b1997 xxu||||| |||| 00| 0 eng d
020 _a8191654012
040 _cAL
041 _aeng
082 _a248.4 MIHM
100 _aFrank Mihalic
_9239305
245 _aMillennium stories
260 _aBangalore
_bAlpha Media
_c1997
300 _a252p
650 _astories
_9239306
690 _aChristianity
_9239307
906 _a065629
942 _2ddc
_cBK
999 _c146460
_d146460